Mechanics of materials (Record no. 6912)

000 -LEADER
fixed length control field 00506nam a2200205 a 4500
001 - CONTROL NUMBER
control field 6912
003 - CONTROL NUMBER IDENTIFIER
control field BD-DhUET
008 - FIXED-LENGTH DATA ELEMENTS--GENERAL INFORMATION
fixed length control field 750825s1976 nyua bi 001 0 eng
040 ## - CATALOGING SOURCE
Original cataloging agency DLC
Transcribing agency DLC
Modifying agency BD-DhUET
082 00 - DEWEY DECIMAL CLASSIFICATION NUMBER
Classification number 620.11
Item number POP/1976
100 ## - MAIN ENTRY--PERSONAL NAME
Personal name Popov, E. P.
245 00 - TITLE STATEMENT
Title Mechanics of materials
250 ## - EDITION STATEMENT
Edition statement 2nd ed.
260 ## - PUBLICATION, DISTRIBUTION, ETC. (IMPRINT)
Place of publication, distribution, etc. New Jersey
Name of publisher, distributor, etc. Prentice-Hall
Date of publication, distribution, etc. 1976
300 ## - PHYSICAL DESCRIPTION
Extent ix,589p.
Other physical details ill.
Dimensions 24 cm.
650 #0 - SUBJECT ADDED ENTRY--TOPICAL TERM
Topical term or geographic name as entry element Strength of materials
700 ## - ADDED ENTRY--PERSONAL NAME
Personal name Nagarajan, S.
700 ## - ADDED ENTRY--PERSONAL NAME
Personal name Lu, Z. A.
942 ## - ADDED ENTRY ELEMENTS (KOHA)
Koha item type General Book
Holdings
Koha full call number Koha date last borrowed Koha issues (times borrowed) Copy number Koha date last seen Sublocation or collection (holding branch) Withdrawn status Not for loan Location (home branch) Shelving location Damaged status Piece designation (barcode) Date acquired Price effective from Koha normalized classification for sorting Source of classification or shelving scheme Koha item type Lost status
620.11/POP/19762023-12-02212023-12-17Central Library, BUET  Central Library, BUETCirculation section 661752014-12-062014-12-06620_110000000000000_POP_1976 General Book 
620.11/ POP/1976  22014-12-07Central Library, BUET  Central Library, BUETCirculation section 210102014-12-072014-12-07620_110000000000000_POP_1976 General Book 
620.11/POP/19762023-12-11132024-01-16Central Library, BUET  Central Library, BUETCirculation section 78852014-12-072014-12-07620_110000000000000_POP_1976 General Book 
620.11/POP/1976  42015-06-30Central Library, BUET  Central Library, BUETReading section 454802015-06-302015-06-30620_110000000000000_POP_1976 Reading Item